00229nam a2200085Ia 4500008004100000082001800041100002100059245004700080300001600127230907s9999||||xx |||||||||||||| ||und|| a621.4021bREI aReisel, John R., 0aPrinciples of engineering thermodynamics / a463 pages :